| 000 | 00914nam a2200265Ia 4500 | ||
|---|---|---|---|
| 003 | OSt | ||
| 005 | 20221005111111.0 | ||
| 006 | a|||||r|||| 00| 0 | ||
| 007 | ta | ||
| 008 | 221004b |||||||| |||| 00| 0 hin d | ||
| 020 |
_a9789350007587 (hbk) _c325 |
||
| 024 | _a7055 | ||
| 037 |
_b94, 05/09/2013, Vani Prakashan _cTextual |
||
| 040 |
_aCRL _cCRL _bhin |
||
| 041 |
_2hin _ahin |
||
| 082 | _aP152:795, Q3 | ||
| 100 | _aदिलीप सिंह | ||
| 245 | 0 | _aअनुवाद की व्यापक संकल्पना | |
| 246 | _aAnuvād kī vyāpak sankalpanā | ||
| 260 |
_aनई दिल्ली _bवाणी प्रकाशन भारत _c2013 |
||
| 300 |
_a156पृ0 _ccm. |
||
| 650 | _aहिन्दी भाषा | ||
| 942 |
_hP152:795, Q3 _cTEXL _2cc |
||
| 999 |
_c1020820 _d1020820 |
||